Tài liệu giáo khoa chuyên Hóa học : Lớp 11-12

Na minha lista:
Detalhes bibliográficos
Autor principal: Trần, Quốc Sơn
Formato: Livro
Idioma:Undetermined
Publicado em: Hà Nội Giáo dục 2005
Assuntos:
Tags: Adicionar Tag
Sem tags, seja o primeiro a adicionar uma tag!
Thư viện lưu trữ: Trung tâm Học liệu Trường Đại học Cần Thơ
LEADER 00608nam a2200217Ia 4500
001 CTU_87081
008 210402s9999 xx 000 0 und d
020 |c 25700 
082 |a 540.07 
082 |b S464/T.1 
100 |a Trần, Quốc Sơn 
245 0 |a Tài liệu giáo khoa chuyên Hóa học : 
245 0 |b Lớp 11-12 
245 0 |c Trần Quốc Sơn 
260 |a Hà Nội 
260 |b Giáo dục 
260 |c 2005 
650 |a Chemistry 
650 |x Study and teaching ( secondary ) 
904 |i Trúc 
980 |a Trung tâm Học liệu Trường Đại học Cần Thơ